[Event "Hunan Belt and Road Open 2019"]
[Site "Hunan"]
[Date "2019.08.03"]
[Round "6.1"]
[White "Cheparinov, Ivan"]
[Black "Wang, Hao"]
[Result "1-0"]
[WhiteElo "2666"]
[BlackElo "2725"]
[Annotator "RC"]
[PlyCount "77"]
[EventDate "2019.07.29"]
[EventType "swiss"]
[EventCountry "CHN"]
[SourceTitle "playchess.com"]
[Source "ChessBase"]
[SourceQuality "1"]
[TimeControl "5400+30"]

1. d4 {[%emt 0:00:00]} Nf6 {[%emt 0:00:48]} 2. c4 {[%emt 0:00:00]} e6 {[%emt 0:00:06]} 3. Nc3 {[%emt 0:00:00]} d5 {[%emt 0:01:39]} 4. cxd5 {[%emt 0:00:00]} exd5 {[%emt 0:00:07]} 5. Bg5 {[%emt 0:00:09]} c6 {[%emt 0:00:09]} 6. e3 {[%emt 0:00:05]} Be7 {[%emt 0:00:04]} 7. Bd3 {[%emt 0:01:09]} Nbd7 {[%emt 0:00:27]} 8. Nge2 {[%emt 0:01:40]} Nf8 {[%emt 0:01:35]} 9. O-O {[%emt 0:04:06]} Ne6 {[%emt 0:00:25]} 10. Bh4 {[%emt 0:00:07]} O-O {[%emt 0:00:47]} 11. f3 {[%emt 0:07:10]} b6 {[%emt 0:02:57]} 12. Kh1 {[%emt 0:08:13]} g6 {[%emt 0:03:49]} 13. Bf2 {[%emt 0:00:15]} c5 {[%emt 0:14:01]} 14. Qd2 {[%emt 0:00:47]} Bb7 {[%emt 0:05:04]} 15. Rad1 {[%emt 0:00:46]} a6 {[%emt 0:10:33]} 16. Bc2 {[%emt 0:04:48]} Re8 {[%emt 0:06:37]} 17. Rfe1 {[%emt 0:12:08]} Rc8 {[%emt 0:13:24]} 18. dxc5 {[%emt 0:02:39]} bxc5 {[%emt 0:00:37]} 19. Ba4 {[%emt 0:01:29]} Rf8 {[%emt 0:01:36]} 20. Bb3 {[%emt 0:04:12]} Qb6 {[%emt 0:11:44]} 21. Nf4 {[%emt 0:03:48]} Nc7 {[%emt 0:00:09]} 22. e4 {[%emt 0:07:55]} dxe4 {[%emt 0:01:57]} 23. fxe4 {[%emt 0:01:05]} Rcd8 {[%emt 0:03:05]} 24. Nfd5 {[%emt 0:06:03]} Ncxd5 {[%emt 0:02:17]} 25. exd5 {[%emt 0:11:50]} Qc7 26. Bg3 {[%emt 0:11:53]} Bd6 {[%emt 0:01:03]} 27. Bh4 {[%emt 0:05:44]} Bf4 {[%emt 0:06:49]} 28. Re7 {[%emt 0:00:00]} Qd6 {[%emt 0:05:49]} 29. Qe1 {[%emt 0:00:13]} Bc8 {[%emt 0:01:15]} 30. Re6 {[%emt 0:01:58]} Bxe6 {[%emt 0:01:45]} 31. dxe6 {[%emt 0:00:02]} Qe5 {[%emt 0:00:07]} 32. e7 {[%emt 0:00:31]} Rxd1 {[%emt 0:00:13]} 33. exf8=Q+ {[%emt 0:00:10]} Kxf8 {[%emt 0:00:31]} 34. Qxd1 {[%emt 0:00:53]} g5 {[%emt 0:00:05]} 35. Bf2 {[%emt 0:00:21]} Bxh2 {[%emt 0:00:04]} 36. Qe2 {[%emt 0:00:54]} Qc7 {[%emt 0:00:27]} 37. Ne4 {[%emt 0:00:55]} Nxe4 {[%emt 0:02:33]} 38. Qxe4 {[%emt 0:00:01]} Kg7 {[%emt 0:00:07]} 39. Qf5 {[%emt 0:00:46]} 1-0

[Event "Hunan Belt and Road Open 2019"]
[Site "Hunan"]
[Date "2019.08.03"]
[Round "6.2"]
[White "Amin, Bassem"]
[Black "Ganguly, Surya Shekhar"]
[Result "1/2-1/2"]
[WhiteElo "2707"]
[BlackElo "2638"]
[Annotator "TA"]
[PlyCount "150"]
[EventDate "2019.07.29"]
[EventType "swiss"]
[EventCountry "CHN"]
[SourceTitle "playchess.com"]
[Source "ChessBase"]
[SourceQuality "1"]

{[%evp 13,150,2,8,6,35,32,31,34,27,40,51,32,84,62,100,89,102,82,99,63,78,88,99,104,135,82,102,88,199,189,357,341,341,127,470,472,408,350,355,377,323,366,345,340,431,431,1100,1108,1545,1156,1107,1102,1069,1053,2245,2289,2017,1913,29993,1258,1157,946,872,926,651,387,458,41,28,0,0,0,0,-8,0,-21,-23,-92,-98,-95,-101,-185,-185,-302,-193,-193,-193,-193,-193,-202,-193,-193,-183,-185,-180,-185,-167,-184,-166,-174,-165,-176,-152,-173,-131,-166,-65,-99,-59,-68,-8,-8,-8,-59,-66,-54,0,-67,-66,-71,-74,-77,-73,-147,-73,-175,-175,-216,-132,-138,-81,-81,0,-64,-81,-132,-9,-33,-16]} 1. Nf3 d5 2. g3 g6 3. Bg2 Bg7 4. d4 c6 5. c4 dxc4 6. O-O Nf6 7. a4 O-O 8. Na3 {D73: Fianchetto Grünfeld: 5 Nf3} (8. Qc2 Be6 9. e4 h6 10. Rd1 Na6 11. Ne5 Nb4 12. Qc3 c5 13. d5 Ng4 14. Bf4 g5 15. Bf3 Bc8 16. Bxg4 Bxg4 {0-1 (25) Vidit,S (2702)-Anand,V (2773) Kolkata 2018}) 8... a5 9. Nxc4 Be6 10. b3 {White is slightly better.} Bd5 11. Ba3 Nbd7 12. Rc1 $146 ({Predecessor:} 12. Qc2) 12... Rc8 (12... b5 $14 13. Ne3 b4) 13. Qd3 $16 Bh6 14. e3 Re8 15. Rfd1 Bf8 16. Bb2 b5 17. Ncd2 bxa4 18. bxa4 Qb6 19. Ba1 (19. Bc3 $142) 19... c5 20. e4 $1 {[%cal Re4d5]} Bc6 (20... c4 $16 21. Qe3 (21. Nxc4 Bxc4 22. Rxc4 Rxc4 $16) 21... Bc6) 21. e5 $36 {[%mdl 2048] White is on the roll.} Nd5 $2 {[#]} (21... Bxa4 22. exf6 Bxd1) 22. e6 $1 {[%mdl 512]} fxe6 23. dxc5 $2 (23. Bh3 $18 {and White stays clearly on top.} Bb7 24. Ng5) 23... Qb7 $2 {[%mdl 8192]} (23... Nxc5 $16 {is more resistant.} 24. Qd4 Nf6) 24. Bh3 {[%cal Rh3e6]} Nc7 25. Nd4 Bg7 26. Rb1 ({But not} 26. Nxe6 Bxa1 27. Rxa1 Nf6 $18) 26... Qa8 27. Nxe6 ({Don't take} 27. Nxc6 Qxc6 28. Bxg7 Kxg7 $18) 27... Bxa1 28. Rxa1 Nf6 29. Nc4 Ncd5 (29... Qa6 $142 30. Nb6 Qxd3 31. Rxd3 Ncd5 32. Nxc8 Rxc8) 30. Qd2 {Qh6 would kill now.} Nh5 31. Ne5 Ndf6 32. Qh6 {Strongly threatening g4.} Qb8 {[#]} 33. Nxg6 $1 {[%mdl 512]} hxg6 34. Qxg6+ Kh8 35. Ng5 {[%cal Rg5f7]} Ng7 36. Be6 (36. Qh6+ $142 Kg8 37. Be6+ Nxe6 38. Nxe6 Nh5 39. Qg6+ Kh8 40. Qxh5+ Kg8 41. Qg6+ Kh8 42. Qg7#) 36... Be4 37. Qh6+ Bh7 38. Rab1 Qa7 39. Bb3 Rf8 40. Nxh7 $2 (40. Bc2 $18 Qxc5 41. Bxh7 Qxf2+ 42. Kh1) 40... Nxh7 $14 41. Bc2 {[%csl Gc2][%cal Rh6h7]} (41. Qb6 $5 {[%cal Rb6a7]} Qc7 42. Qxc7 Rxc7 43. Rbc1 $11) 41... Nf5 42. Bxf5 Rxf5 43. Qb6 Qc7 44. c6 Qxc6 45. Rd8+ (45. Re1 $11 {keeps the balance.}) 45... Kg7 $1 $17 {aiming for ...Qxb6.} 46. Rxc8 Qxc8 47. Rb5 {[#]} (47. Qe3 $17 {might work better.}) 47... Ng5 $1 $19 {[%cal Rg5h3]} 48. Qd4+ (48. Rxf5 $142 Qxf5 49. Qd4+ Kg6 50. Qb6+ Kf7 51. Qb3+ Kf6 52. Qb6+ Kf7 53. Qb3+ Kf6 54. Qb2+ Kg6 55. Qb6+ Kg7 56. Qb2+ Kf7 57. Qb3+) 48... Kf7 {( -> ...Nf3+)} 49. Rxf5+ Qxf5 50. Qc4+ Kf8 51. h4 Ne4 52. Qd4 Nd6 53. Qd2 Ke8 54. Qd1 Nf7 55. Qd4 Qb1+ 56. Kg2 Qb4 57. Qd1 Qe4+ 58. f3 Qe5 59. g4 Nd8 (59... Qf4 $19 60. Qb3 Kf8) 60. Qc2 Qf6 61. Qe4 Qxh4 (61... Qe6 $15 62. Qc2 Nf7) 62. Qg6+ $11 Kf8 63. Qf5+ (63. Qb6 $11 Nf7 64. Qxa5) 63... Qf6 $15 {Hoping for ...Qxf5.} 64. Qxa5 Ne6 ({Black should try} 64... Qb2+ $15 65. Kg3 Qd4) 65. Qb4 (65. Qf5 $11) 65... Qe5 {And now ...Nf4+ would win.} 66. Kf2 Qh2+ 67. Ke3 Qg1+ 68. Ke4 (68. Ke2 $142) 68... Qd1 (68... Qf2 $142 69. Qc3 Qe2+ 70. Kd5 Kf7) 69. a5 (69. Ke3 $17) 69... Qe2+ $19 70. Kd5 Kf7 71. Qc3 Ng5 (71... Qf1 $142 {...Qe2 is the strong threat.} 72. Ke4 Qf2) 72. Kc5 $17 Ne6+ (72... Qh2 $17 73. Qc4+ Ne6+ 74. Kb6 Qf2+ 75. Kb7 Qxf3+ 76. Kb8 Qg3+ 77. Kc8 Qg2) 73. Kb6 (73. Kd5 $1 $11 Nf4+ 74. Kc5) 73... Qh2 $1 $15 {[%cal Rh2b8] Threatens to win with ...Qb8+.} 74. a6 {[#]} ({White should play} 74. Qc4) 74... Qd6+ (74... Qb8+ $1 $17 75. Ka5 Qd8+ 76. Kb5 Nd4+ 77. Kc4 Nc6) 75. Qc6 $1 $11 {[%cal Rc6d6] Black must now prevent Qxd6.} Qd4+ {Accuracy: White = 41%, Black = 40%.} 1/2-1/2

[Event "Hunan Belt and Road Open 2019"]
[Site "Hunan"]
[Date "2019.08.03"]
[Round "6.3"]
[White "Yu, Yangyi"]
[Black "Zhou, Jianchao"]
[Result "1-0"]
[WhiteElo "2736"]
[BlackElo "2608"]
[Annotator "TA"]
[PlyCount "103"]
[EventDate "2019.07.29"]
[EventType "swiss"]
[EventCountry "CHN"]
[SourceTitle "playchess.com"]
[Source "ChessBase"]
[SourceQuality "1"]

{[%evp 13,103,18,25,18,25,25,104,99,104,95,108,79,70,64,77,68,81,56,52,52,56,50,59,45,44,48,57,31,56,48,44,49,49,49,46,44,36,42,55,47,116,72,82,26,38,33,87,75,72,50,68,58,57,54,271,76,146,0,269,272,448,415,354,365,763,753,1279,1116,1041,879,879,691,29969,29973,29973,29974,29977,29978,29978,29979,29979,29980,29980,29981,29981,29982,29982,29983,29983,29984,29985,29986]} 1. e4 c5 2. Nf3 d6 3. d4 cxd4 4. Nxd4 Nf6 5. Nc3 Nc6 6. Bg5 e6 7. Qd2 a6 8. Nxc6 {B66: Sicilian: Richter-Rauzer: 7...a6 8 0-0-0 h6} (8. O-O-O Bd7 9. f3 Nxd4 10. Qxd4 h6 11. Bh4 Rc8 12. Kb1 Be7 13. g4 b5 14. Bg3 e5 15. Qe3 Qc7 16. Bd3 Be6 17. h4 Qa5 18. g5 {1-0 (60) Robson,R (2667)-Caruana,F (2828) chess.com INT 2019}) 8... bxc6 9. O-O-O e5 (9... h6 $11 10. Bf4 d5) 10. f4 $146 {And now fxe5 would win.White is better.} ({Predecessor:} 10. Bc4 h6 11. Bh4 g5 12. Bg3 Nh5 13. Bxe5 Rg8 14. Bxd6 Bg7 15. e5 Nf4 {1-0 (31) Parol,P (1917)-Przezdziecka,E (2165) Zgierz 2018}) 10... h6 11. Bh4 {Black must now prevent fxe5.} Be7 12. fxe5 dxe5 13. Qxd8+ Bxd8 14. Bc4 Be7 15. Rhf1 Be6 16. Bxe6 fxe6 17. Bg3 Ng4 18. Rf3 h5 19. h3 $40 {[%mdl 128] White attacks.} h4 20. hxg4 hxg3 21. Rxg3 Bg5+ 22. Kb1 Rd8 23. Rxd8+ Bxd8 $14 {[%mdl 4096] Endgame KRB-KRN} 24. a3 Rh1+ 25. Ka2 Re1 26. g5 Ba5 (26... Bb6 $14) 27. b4 Bb6 28. Na4 (28. g6 $16) 28... Bg1 29. Rg4 Kf7 (29... Re2 $14) 30. g6+ Kf6 31. Kb3 Rb1+ 32. Kc4 Rc1 $1 33. c3 Ra1 $2 {[#]} (33... Bf2 $1 $14) 34. Kb3 $2 (34. Nc5 $1 $18) 34... Rf1 (34... Rb1+ $142 35. Kc4 a5) 35. Kc4 (35. Nb2 $16) 35... Ra1 $18 {[#]} 36. Nc5 $1 Bxc5 $2 (36... Rxa3 {was worth a try.} 37. Nd7+ Ke7) 37. Kxc5 Rxa3 {KR-KR} 38. Rg3 a5 $2 (38... Ra2 39. Kxc6 Re2) 39. Kxc6 axb4 40. Rf3+ Kxg6 41. cxb4 Ra2 42. Rb3 Rxg2 43. b5 {White mates.} Rc2+ 44. Kd7 Kf6 45. b6 Rd2+ 46. Ke8 Rh2 47. b7 Rh8+ 48. Kd7 Kg5 49. b8=Q Rxb8 50. Rxb8 Kf4 51. Kxe6 g5 52. Kd5 {Accuracy: White = 64%, Black = 36%.} 1-0

[Event "Hunan Belt and Road Open 2019"]
[Site "Hunan"]
[Date "2019.08.03"]
[Round "6.4"]
[White "Zhao, Jun"]
[Black "Matlakov, Maxim"]
[Result "1/2-1/2"]
[WhiteElo "2636"]
[BlackElo "2701"]
[Annotator "TA"]
[PlyCount "39"]
[EventDate "2019.07.29"]
[EventType "swiss"]
[EventCountry "CHN"]
[SourceTitle "playchess.com"]
[Source "ChessBase"]
[SourceQuality "1"]

{[%evp 14,39,-8,-19,-10,-14,-8,-39,6,8,8,6,5,-15,0,-39,30,41,50,14,10,-38,8,0,6,-95,2,0]} 1. Nf3 d5 2. g3 g6 3. Bg2 Bg7 4. O-O e5 5. d3 Ne7 6. e4 O-O 7. Nc3 d4 8. Ne2 c5 {A07: Réti Opening: New York and Capablanca Systems} 9. Nh4 (9. Nd2 Nbc6 10. f4 Be6 11. Nf3 exf4 12. Nxf4 Bg4 13. h3 Bxf3 14. Qxf3 Ne5 15. Qe2 Qd7 16. Bd2 {½-½ (75) Carlsen,M (2832)-Nakamura,H (2786) chess.com INT 2018}) 9... Nec6 10. Bd2 Be6 {Black is slightly better.} 11. f4 $146 ({Predecessor:} 11. Nf3 h6 12. Ne1 Nd7 13. b3 f5 14. f4 Qe7 15. exf5 Bxf5 16. Nf3 {1-0 (57) Pogosyan,S (2312)-Tikkanen,H (2515) Stockholm 2018}) 11... exf4 12. Nxf4 Qd6 13. Nxe6 Qxe6 14. Nf5 Be5 (14... gxf5 $15 15. exf5 Qf6) 15. Nh6+ $11 Kh8 16. Rf2 Bg7 17. Nf5 Be5 18. Nh6 Bg7 19. Nf5 (19. Qf1 $11 f6 20. a3) 19... Be5 (19... gxf5 $17 20. exf5 Qe7) 20. Nh6 {Accuracy: White = 23%, Black = 40%.} 1/2-1/2

[Event "Hunan Belt and Road Open 2019"]
[Site "Hunan"]
[Date "2019.08.03"]
[Round "6.5"]
[White "Anton Guijarro, David"]
[Black "Vallejo Pons, Francisco"]
[Result "1/2-1/2"]
[WhiteElo "2678"]
[BlackElo "2687"]
[Annotator "TA"]
[PlyCount "54"]
[EventDate "2019.07.29"]
[EventType "swiss"]
[EventCountry "CHN"]
[SourceTitle "playchess.com"]
[Source "ChessBase"]
[SourceQuality "1"]

{[%evp 18,43,18,13,16,11,18,9,6,10,19,20,18,10,10,10,16,11,18,11,11,10,7,11,3,7,8,3]} 1. d4 d5 2. c4 dxc4 3. Nf3 Nf6 4. e3 e6 5. Bxc4 c5 6. O-O a6 7. dxc5 Qxd1 8. Rxd1 Bxc5 9. Be2 O-O 10. Nbd2 {The position is equal.} Rd8 {D27: Queen's Gambit Accepted: Classical main line: 7 e4!? and 7 a4} 11. b3 b6 12. Bb2 Bb7 13. Rac1 Nbd7 14. Nc4 (14. a3) 14... Rac8 15. Bd4 Bd5 16. Bxc5 Rxc5 17. b4 Rcc8 18. Nce5 b5 19. Rxc8 Rxc8 20. Nxd7 Nxd7 21. e4 Bc6 22. Rc1 {Predecessor:} Bb7 $146 23. Rxc8+ Bxc8 24. Kf1 Kf8 25. Nd2 Ke7 26. f4 e5 27. f5 Bb7 {½-½ (27) Sanchez Ortega,R (2276)-Spagnoli,E (2105) ICCF email 2014} 1/2-1/2

[Event "Hunan Belt and Road Open 2019"]
[Site "Hunan"]
[Date "2019.08.03"]
[Round "6.6"]
[White "Megaranto, Susanto"]
[Black "Le, Quang Liem"]
[Result "1/2-1/2"]
[WhiteElo "2545"]
[BlackElo "2713"]
[Annotator "TA"]
[PlyCount "109"]
[EventDate "2019.07.29"]
[EventType "swiss"]
[EventCountry "CHN"]
[SourceTitle "playchess.com"]
[Source "ChessBase"]
[SourceQuality "1"]

{[%evp 12,109,29,0,0,0,24,0,0,0,0,0,0,0,0,0,0,0,0,0,0,0,-2,-26,-21,-31,-18,-29,0,7,20,-14,0,0,16,19,30,10,12,15,25,21,39,26,60,68,61,60,61,66,102,35,89,33,37,33,23,0,0,0,28,18,41,0,0,0,0,0,0,0,0,0,0,0,5,0,0,0,0,0,0,0,0,0,0,0,0,0,0,0,0,0,0,0,0,0,0,0,0,0]} 1. e4 c5 2. Nf3 Nc6 3. Bb5 g6 4. O-O Bg7 5. Re1 e5 6. Bxc6 dxc6 7. b3 Nh6 {B31: Sicilian: 2...Nc6 3 Bb5 g6} 8. d3 O-O 9. Nbd2 f6 10. a4 $146 ({Predecessor:} 10. Bb2 Nf7 11. h3 Re8 12. Nf1 Qc7 13. Ng3 Be6 14. c3 a5 15. Qc2 {0-1 (31) Fernandes,A (2442)-Ponomariov,R (2687) Heraklio 2017}) 10... a5 11. Nc4 Be6 12. h3 Nf7 13. Bd2 Qc7 14. Qe2 b6 15. Nh2 Rae8 16. Rad1 Bc8 17. c3 Be6 18. Rb1 Ra8 19. Be3 Rfd8 20. Nf3 Nd6 21. Nfd2 Nb7 22. Nf3 Bf7 23. d4 b5 {[#] Hoping for ...exd4.} 24. Ncd2 cxd4 25. cxd4 exd4 26. Bxd4 c5 27. Ba1 bxa4 28. bxa4 c4 29. e5 {aiming for e6.} Re8 30. Ne4 fxe5 {[#]} 31. Rb5 (31. Nfg5 $1 $16 {[%cal Rg5f7]} Rad8 32. Rec1) 31... Re7 (31... Rad8 $14) 32. Rc1 ({Better is} 32. Bxe5 $16 Bxe5 33. Nxe5) 32... Nd6 $14 33. Nxd6 Qxd6 34. Ng5 Qa3 35. Rcb1 Qxa4 (35... Qd3 $5 {[%cal Rd3e2]} 36. Qe4 Rf8 $11) 36. Bc3 Qa3 37. Ne4 {[%mdl 1024] And now Ra1 would win. White has compensation.} (37. Qf3 $5 {[%cal Rf3a8]} Rc8 38. Rxa5 $14) 37... Ree8 {The position is equal.} 38. Rb7 {Strongly threatening Rxf7!} Bd5 39. Ra1 Qf8 $1 40. Rb5 Bf7 41. Raxa5 Rxa5 42. Rxa5 h6 43. Qb2 Qe7 44. Qb6 Qe6 45. Qc7 Re7 46. Qb8+ Kh7 47. Bb4 Rd7 48. Bd6 c3 {...Qc4 is the strong threat.} 49. Rc5 Qa2 {White must now prevent ...c2.} 50. Nxc3 Qd2 51. Bxe5 Rd8 52. Qc7 Rd7 53. Qb8 Rd8 54. Qc7 Rd7 55. Qb8 {Accuracy: White = 68%, Black = 69%.} 1/2-1/2

[Event "Hunan Belt and Road Open 2019"]
[Site "Hunan"]
[Date "2019.08.03"]
[Round "6.7"]
[White "Xu, Yinglun"]
[Black "Wei, Yi"]
[Result "1/2-1/2"]
[WhiteElo "2562"]
[BlackElo "2737"]
[Annotator "TA"]
[PlyCount "158"]
[EventDate "2019.07.29"]
[EventType "swiss"]
[EventCountry "CHN"]
[SourceTitle "playchess.com"]
[Source "ChessBase"]
[SourceQuality "1"]

{[%evp 21,158,-3,4,-7,5,0,0,0,0,0,0,0,0,0,0,-37,4,-34,-27,-25,-27,-21,-27,-24,0,0,0,-28,-16,0,-18,-43,0,-11,0,0,0,-18,-2,-12,-10,-5,-12,-47,62,31,0,-33,-11,-14,-31,-68,-68,-68,-62,-70,-68,-79,-41,-47,-45,-36,-36,-61,-56,-137,-120,-99,-70,-335,-326,-386,-373,-366,0,-53,0,-365,-366,-361,-218,-188,0,0,0,-181,-100,-173,-157,-171,-164,-150,-171,-220,0,0,0,0,0,0,0,0,0,0,0,0,0,0,0,0,0,0,0,0,0,0,0,0,0,0,0,0,0,0,0,0,0,0,0,0,0,0,0,0,0,0,0,0,0]} 1. c4 e5 2. Nc3 Nf6 3. g3 d5 4. cxd5 Nxd5 5. Bg2 Nb6 6. Nf3 Nc6 7. O-O Be7 8. d3 O-O 9. a3 Re8 10. b4 Bf8 11. Bb2 Bg4 12. Re1 {A29: English Opening: Four Knights Variation with 4 g3} (12. Nd2 Qc8 13. Re1 a5 14. b5 Nd4 15. Nb3 a4 16. Nxd4 exd4 17. Ne4 Qd7 18. Qc2 Rad8 19. Nc5 Bxc5 20. Qxc5 Rxe2 21. Rxe2 Bxe2 22. Bxb7 Bxd3 {0-1 (28) So,W (2770)-Carlsen,M (2855) Paris 2016}) 12... a5 13. b5 Nd4 14. Nxd4 exd4 15. Nb1 $146 {[%cal Bc3b1,Bb1d2,Bd2f3][%mdl 32]} ({Predecessor:} 15. Ne4 Qd7 16. Nd2 Rad8 17. a4 Nd5 18. Bf3 Bb4 19. Bxd4 Bxf3 20. exf3 Rxe1+ 21. Qxe1 {0-1 (30) Darban,M (2335)-Pourramezanali,A (2424) Teheran 2014}) 15... Rb8 16. h3 Be6 17. Nd2 Qd7 18. h4 a4 19. Nf3 Qxb5 20. Bxd4 c5 21. Bc3 Bb3 22. Qc1 Rbc8 23. Nd2 c4 24. d4 Nd5 25. Bxd5 Qxd5 26. e4 Qd7 27. e5 h6 28. Ne4 Rcd8 29. Kg2 b5 30. f3 Qb7 31. Qf4 Re6 32. h5 b4 (32... Bc2 $15) 33. axb4 $14 Bxb4 34. Re2 Qb6 {[#] aiming for ...Bxc3.} 35. Bxb4 Qxb4 36. Qe3 c3 37. Qxc3 Qxc3 38. Nxc3 Rxd4 39. Ra3 Rc6 40. Re3 $1 Kf8 $36 {[%mdl 2048] White is under pressure.} 41. g4 Ke7 42. Ne4 Ke6 43. Nd6 (43. Kg3 $1 $15) 43... Rc2+ $17 44. Kg3 Rdd2 {...g5 is the strong threat.} 45. f4 $2 {[%mdl 8192]} (45. Ra1 $1 $15) 45... Rg2+ $19 46. Kh3 Rh2+ 47. Kg3 Rhg2+ $2 (47... Rcg2+ $19 48. Kf3 Rf2+ 49. Kg3 Rhg2+ 50. Kh3 Bd1 51. f5+ Kd7) 48. Kh3 $1 $15 Rh2+ $2 {[%mdl 8192]} (48... Kd5 $15 49. Rexb3 axb3 50. Rxb3 Rh2+ 51. Kg3 Rcg2+ 52. Kf3 Rg1 53. Rb5+ Kc6) 49. Kg3 $19 Rcg2+ 50. Kf3 Bd5+ 51. Ne4 Rf2+ $2 (51... g5 $19 52. hxg6 fxg6) 52. Kg3 $11 Rfg2+ $2 (52... Rhg2+ $11 53. Kh3 Rh2+ 54. Kg3 Rfg2+ 55. Kf3 g5 56. hxg6 fxg6) 53. Kf3 $19 Ra2 (53... g5 $19 54. hxg6 fxg6) 54. Rxa2 (54. Kg3 $17) 54... Rxa2 $17 {[%mdl 4096] Endgame KRB-KRN} 55. Kg3 a3 56. Nc3 Rg2+ 57. Kh3 {[#] Strongly threatening f5+.} a2 $2 (57... Bb7 $1 $19 58. Nb5 a2) 58. f5+ $11 {The position is equal.} Kd7 59. Nxd5 {Black must now prevent e6+.} a1=Q {[%cal Ra1h1]} 60. e6+ fxe6 61. fxe6+ Ke8 {[%cal Ra1h1]} 62. Nc7+ Ke7 {[%cal Ra1h1]} 63. Nd5+ Ke8 {[%cal Ra1h1]} 64. Nc7+ Kd8 {[%cal Ra1h1]} 65. e7+ Kxc7 {[%cal Ra1h1]} 66. Kxg2 {KQ-KR} Qa8+ 67. Kg3 Qe8 68. Kh3 Kd7 69. Re1 Kd6 70. Re3 Kd5 71. Re1 Kd4 72. Re6 Kd3 {Hoping for ...Kd4.} 73. Re5 Qc6 {( -> ...Qf3+)} 74. e8=Q Qh1+ 75. Kg3 Qg1+ 76. Kh3 {Threatening mate with Rd5+.} Qf1+ 77. Kg3 {Intending Qb5+ and mate.} Qg1+ 78. Kh3 {White wants to mate with Rd5+.} Qh1+ 79. Kg3 {Qb5+ would kill now.} Qg1+ {Accuracy: White = 59%, Black = 56%.} 1/2-1/2

[Event "Hunan Belt and Road Open 2019"]
[Site "Hunan"]
[Date "2019.08.03"]
[Round "6.8"]
[White "Zeng, Chongsheng"]
[Black "Motylev, Alexander"]
[Result "1-0"]
[WhiteElo "2551"]
[BlackElo "2654"]
[Annotator "TA"]
[PlyCount "55"]
[EventDate "2019.07.29"]
[EventType "swiss"]
[EventCountry "CHN"]
[SourceTitle "playchess.com"]
[Source "ChessBase"]
[SourceQuality "1"]

{[%evp 19,55,4,4,0,0,-4,15,-8,29,29,28,0,14,0,0,0,0,0,0,0,0,0,18,30,53,63,54,56,60,45,59,-141,-133,-137,-135,-136,29996,-1430]} 1. e4 e5 2. Nf3 Nc6 3. Bc4 Nf6 4. Ng5 d5 5. exd5 Na5 6. Bb5+ c6 7. dxc6 bxc6 8. Be2 h6 9. Nh3 Bc5 10. d3 O-O 11. Nc3 {C59: Two Knights: 4 Ng5 d5 5 exd5 Na5 5 Bb5+ c6 6 dxc6 bxc6 7 Be2} (11. c3 Nb7 12. Nd2 Bf5 13. Nc4 Re8 14. O-O Qd7 15. Kh1 Bxh3 16. gxh3 Qxh3 17. Rg1 Kh8 18. Rg2 Rad8 {1-0 (55) Jobava,B (2702)-Papp,G (2570) Legnica 2013}) 11... Nb7 12. O-O Bxh3 13. gxh3 {The position is equal.} Qd7 $146 ({Predecessor:} 13... Nd5 14. Bf3 Nxc3 15. bxc3 Qf6 16. Bg2 Rab8 17. a4 Nd8 18. Be3 Bxe3 19. fxe3 {0-1 (40) Van Venetie,K-Moline,X Liape email 2003}) 14. Bg4 Nxg4 15. hxg4 f5 16. gxf5 Rxf5 17. Ne4 Raf8 18. Qe2 Rf3 19. Kh1 $1 Qh3 $36 {[%mdl 2048] And now ...R8f5 would win. Black has some pressure.} 20. Nxc5 {Ne4 is the strong threat.} Nxc5 (20... R8f5 $5 {[%cal Rb7c5]} 21. Nxb7 Rh5 $11) 21. Be3 R8f5 {Threatens to win with ...Rh5.} 22. Rg1 ({But not} 22. Bxc5 $2 Rh5 $19) 22... Rh5 {[%csl Gh5][%cal Rh3h2]} 23. Rg2 Ne6 24. Rag1 Kh8 25. Bd2 $2 (25. Re1 $14) 25... Nd4 $1 $17 {[%csl LRc2,LRe2][%cal Rd4e2]} 26. Qe4 {[#] White wants to mate with Qh7+!} Rf7 $1 {Strongly threatening ...Nf3!} 27. Bf4 Rxf4 $4 {[%mdl 8192] [#]} (27... Rh4 $17 28. Qxe5 Rhxf4 29. Rxg7 Qxh2+ {[%mdl 64] Decoy} 30. Kxh2 Nf3+ {[%mdl 64] Double Attack} 31. Kg3 Nxe5 {[%mdl 64] Discovered Attack} 32. Rxf7 Rxf7) 28. Qh7+ $1 {[%mdl 33280] Accuracy: White = 69%, Black = 44%. . Loss on time!?} 1-0